History Quiz

Random History or Clickable Quiz

US Presidents Quiz Stats

Quiz not verified by Sporcle

Also try: 'F' in History
Challenge
Share
Tweet
Embed
Score 0/43 Timer 10:00
0 Plays Today
% Correct
???
89.6%
???
76.4%
???
74.5%
???
67%
???
64.2%
???
61.3%
???
54.7%
???
53.8%
???
52.8%
???
50.9%
???
49.1%
???
48.1%
???
48.1%
???
47.2%
???
47.2%
???
38.7%
???
35.8%
???
28.3%
???
27.4%
???
26.4%
???
25.5%
???
25.5%
% Correct
???
23.6%
???
22.6%
???
21.7%
???
21.7%
???
18.9%
???
17.9%
???
15.1%
???
14.2%
???
13.2%
???
13.2%
???
12.3%
???
12.3%
???
12.3%
???
10.4%
???
10.4%
???
9.4%
???
8.5%
???
8.5%
???
8.5%
???
6.6%
???
4.7%

You're not logged in!

Compare scores with friends on all Sporcle quizzes.
Sign Up with Email
OR
Log In

You Might Also Like...

Show Comments

Extras

Top Quizzes Today


Score Distribution

Your Account Isn't Verified!

In order to create a playlist on Sporcle, you need to verify the email address you used during registration. Go to your Sporcle Settings to finish the process.

Report this User

Report this user for behavior that violates our Community Guidelines.

Details: